Strategic management for tourism, hospitality and events (Record no. 2639)

MARC details
000 -LEADER
fixed length control field 00508nam a2200181Ia 4500
008 - FIXED-LENGTH DATA ELEMENTS--GENERAL INFORMATION
fixed length control field 230917s9999||||xx |||||||||||||| ||und||
020 ## - ISBN
Price GBP 52.99 (RS 5480.76)
040 ## - CATALOGING SOURCE
-- 5014234
Original cataloging agency VIVEKANANDA LIBRARY
041 ## - Language
-- English
082 ## - DDC NUMBER
Classification number 338.4791 E15S(3)
100 ## - MAIN ENTRY--PERSONAL NAME
Personal name Evans, Nigel
245 #0 - TITLE STATEMENT
Title Strategic management for tourism, hospitality and events
250 ## - EDITION STATEMENT
Edition statement 3rd ed.
260 ## - PUBLICATION, DISTRIBUTION, ETC. (IMPRINT)
Place of publication, distribution, etc Oxon
Name of publisher, distributor, etc Routledge
Date of publication, distribution, etc 2020
300 ## - PHYSICAL DESCRIPTION
Pages xxv, 787 p.
500 ## - GENERAL NOTE
General note 4107 08/10/2021 HBD21/8879 18/10/2021 IHTM (SFS)
942 ## - ADDED ENTRY ELEMENTS (KOHA)
Koha item type Books
Holdings
Withdrawn status Lost status Damaged status Not for loan Location (home branch) Sublocation or collection (holding branch) Shelving location Date acquired Koha issues (times borrowed) Koha full call number Accession No. Koha date last seen Koha item type
        VIVEKANANDA LIBRARY VIVEKANANDA LIBRARY IHTM Library 15/12/2021   338.4791 E15S(3) 397724 17/09/2023 Books
© Designed and Maintained by Vivekananda Library, MDU Rohtak